Welcome to CU Library Online Public Access Catalogue (OPAC)

The Old Testament in the Book of Revelation / (Record no. 7097)

MARC details
000 -LEADER
fixed length control field 00562cam a22001697a 4500
001 - CONTROL NUMBER
control field 86215
005 - DATE AND TIME OF LATEST TRANSACTION
control field 20250722132912.0
008 - FIXED-LENGTH DATA ELEMENTS--GENERAL INFORMATION
fixed length control field 950911s1995 enka b 001 0 eng
020 ## - INTERNATIONAL STANDARD BOOK NUMBER
International Standard Book Number 185075554X
Qualifying information alk. paper
050 00 - LIBRARY OF CONGRESS CALL NUMBER
Classification number MLCS 2005/00770 (B)
100 1# - MAIN ENTRY--PERSONAL NAME
Personal name Moyise, Steve.
245 14 - TITLE STATEMENT
Title The Old Testament in the Book of Revelation /
Statement of responsibility, etc. Steve Moyise.
260 ## - PUBLICATION, DISTRIBUTION, ETC.
Place of publication, distribution, etc. Sheffield, England :
Name of publisher, distributor, etc. Sheffield Academic Press,
Date of publication, distribution, etc. c1995.
300 ## - PHYSICAL DESCRIPTION
Extent 173 p. :
Other physical details ill. ;
Dimensions 23 cm.
440 #0 - SERIES STATEMENT/ADDED ENTRY--TITLE
Title Journal for the study of the New Testament.
Name of part/section of a work Supplement series ;
Volume/sequential designation 115
942 ## - ADDED ENTRY ELEMENTS (KOHA)
Source of classification or shelving scheme Library of Congress Classification
Koha item type Books
Suppress in OPAC No
999 ## -
-- 7097
-- 7097
Holdings
Withdrawn status Lost status Source of classification or shelving scheme Damaged status Not for loan Collection Home library Current library Shelving location Date acquired Total checkouts Full call number Barcode Date last seen Copy number Price effective from Koha item type
    Library of Congress Classification     Non-fiction Undergraduate Library (Christ Temple) Undergraduate Library (Christ Temple) General stacks 07/22/2025   BS 2825.2 MOY ulct00004018 07/22/2025 1 07/22/2025 Books
© 2023-2024 Copyright: Central University Libraries. All Rights Reserved | Created by: Mahone Tech Office